| Tag |
First Indicator |
Second Indicator |
Subfields |
| LEADER |
00000cam a2200000 a 4500 |
| 001 |
in00000882021 |
| 005 |
20150923155213.0 |
| 007 |
hd afv---baca |
| 007 |
hd bfv---baaa |
| 008 |
841029s1699 miu a 00010 eng d |
| 035 |
|
|
|a (OCoLC)11322984
|
| 035 |
|
|
|9 AEM0657AM
|
| 037 |
|
|
|a CL0037000051
|b University Microfilms International
|
| 037 |
|
|
|b University Microfilms International, 300 N. Zeeb Rd., Ann Arbor, MI 48106
|
| 040 |
|
|
|a EAK
|c EAK
|d m/c
|d UtOrBLW
|
| 049 |
|
|
|a TXAI
|
| 090 |
|
|
|a BX7732
|b .F53
|
| 099 |
|
|
|a film
|a B
|a 3609
|
| 100 |
1 |
|
|a Field, John,
|d 1652-1723.
|
| 245 |
1 |
2 |
|a A second letter to the clergy and people of Norfolk and Suffolk :
|b by the author of the first, a member of the Church of England.
|
| 264 |
|
1 |
|a [London?] :
|b [publisher not identified],
|c [1699?]
|
| 300 |
|
|
|a 8 unnumbered pages
|
| 336 |
|
|
|a text
|b txt
|2 rdacontent
|
| 337 |
|
|
|a microform
|b h
|2 rdamedia
|
| 338 |
|
|
|a microfilm reel
|b hd
|2 rdacarrier
|
| 500 |
|
|
|a Caption title.
|
| 500 |
|
|
|a Imperfect: pages torn and cropped, with loss of print.
|
| 500 |
|
|
|a Attributed by Wing to John Field.
|
| 500 |
|
|
|a Imprint suggested by Wing.
|
| 500 |
|
|
|a Reproduction of original in the Harvard University Library.
|
| 510 |
4 |
|
|a Wing
|c F864E.
|
| 533 |
|
|
|a Microfilm.
|b Ann Arbor, Mich. :
|c University Microfilms International,
|d 1983.
|e 1 microfilm reel ; 35 mm.
|f (Early English books, 1641-1700 : 1460:30)
|
| 500 |
|
|
|a Microform.
|
| 650 |
2 |
0 |
|a Society of Friends
|x Apologetic works.
|
| 830 |
|
0 |
|a Early English books, 1641-1700 ;
|v 1460:30.
|
| 999 |
|
|
|a MARS
|
| 999 |
f |
f |
|s 0e7db01d-1ee3-365a-b1b0-7fd73f47b8cd
|i 11b212d9-78f6-39ac-9761-eee2fbf7cb28
|t 0
|
| 952 |
f |
f |
|p default
|a Texas A&M University
|b College Station
|c Sterling C. Evans Library
|d Evans: Microforms (3rd floor)
|t 0
|e film B 3609 1460:30
|h Other scheme
|i microform -- microfilm reel
|
| 998 |
f |
f |
|a film B 3609 1460:30
|t 0
|l Evans: Microforms (3rd floor)
|